000 00462nam a22001937a 4500
003 MPLRDC
005 20220104125704.0
008 210129b ||||| |||| 00| 0 eng d
020 _a957-33-0384-1
082 _a848.2 ZXJ-11
100 _a朱秀娟著
245 _a十点半的情缘
_c
250 _a五刷
260 _a
_b皇冠出版社
_c1995
300 _b
490 _a皇冠丛书;1798
650 _a现代别集
942 _cBK
_o848.2 ZXJ-11
999 _c29349
_d29339